000 00493nam a2200181 4500
001 27246
005 20230411085954.0
008 060907n1978 dr spa
020 _a8420622052
035 _9funglode27451
041 _aES
100 _aAracil, JAvier
245 1 _aIntroducción a la dinámica de sistemas /
_cJavier Aracil
260 _aMadrid :
_bALianza Editorial,
_c1978
300 _a303 p.
440 _aCol. : Alianza Universidad ;
_v205
942 _2lcc
_cbk
999 _c110256
_d110256